00359nam a2200121Ia 4500008004100000020002200041041000800063082002100071100003400092245005100126260005100177300000900228230314s9999 xx 000 0 und d a978-93-86827-12-8 aeng aA/611/KHU/DB0878 aKhurana Indu & Khurana Arushi aTextbook of Anatomy and Physiology for Nursing bCBS Publishers & DistributorsaNew Delhic2020 a551p